000 00457nam a22001577a 4500
999 _c9562
_d9562
003 GBCCL
005 20241126110714.0
008 230315b ||||| |||| 00| 0 eng d
040 _cGBC
082 _aARCH GBC-2022
_bPAU
100 _aPausonmung, T
_916633
245 _aAn analytical study on Pauline law and suggestion for its interpretation and its implication
260 _aNew Lamka :
_bGrace Bible College,
_c2022
300 _a52p. ;
942 _2ddc
_cTH